MDQL
is popping MORE tags! Check the
thread
!
Quizzes
Events
Quiz Creation
Community
Videos
Private Events
Remove Ads
Sign In
Join for FREE
Feedback
Dark Mode
Quiz Categories
Sports
Geography
Music
Movies
Television
Just For Fun
Miscellaneous
History
Literature
Language
Science
Gaming
Entertainment
Religion
Holiday
For Kids
Quiz Lab
Recent
Popular Today
Quiz Kudos Today
Editor Picks
Curator Picks
Quizzes by...
Day
Popularity
Type
Ratings
Length
Year
Community
Subscriptions
Recent Discussions
Orange Saloon
Badges
Playlists
Quests
Create
Leaderboards
Showdown
Live 5
Trivia Bingo
Activity
Puzzle Library
Sporcle Events
Private Events
Virtual Trivia
Globe League
Become a Host
Pub Owners
SporcleCon
Opinionation
Our Games
Videos
Blog
Mobile Apps
Partnerships
Remove Ads and Go Orange
Feedback
Just For Fun
Clickable
Get the Picture
Humor
Quick Pick
Word Ladder
Missing Word
Mixed Word
Blitz
Minefield
This or That
Alphabet
Color
Typing
Sporcle
Puzzle
Word Play
Follow That Line
Logic
Just For Fun
Clickable
Get the Picture
Humor
Quick Pick
Word Ladder
Missing Word
Mixed Word
Blitz
Minefield
This or That
Alphabet
Color
Typing
Sporcle
Puzzle
Word Play
Follow That Line
Logic
Random Quiz
Search Sporcle
×
Quiz Lab
Quiz Lab
Just For Fun
Easter
Type in answers that appear in a list
Type in answers that appear in a list
Classic
Best Score? Go Orange.
Easter Anagrams Stats
Can you unscrabble the Easter Anagrams?
By
kyliechambers
10m
25 Questions
425 Plays
425 Plays
425 Plays
Comments
Comments
Give Quiz Kudos
Give Quiz Kudos
-
- Ratings
hide this ad
More Info
Replay
Link that replays current quiz
Next Quiz
Link to next quiz in quiz playlist
You Got
0%
They Got
Avg Score
52%
Avg Friend Score
Upgrade to see
Score Distribution
Jump to the score distribution portion of the page
Score
0/25
Timer
10:00
0
Plays Today
Scrambled Words
Unscrambled Words
% Correct
GSEG
Eggs
94.6%
CIKHC
Chick
81.2%
NUBYN
Bunny
76.5%
TLEN
Lent
72.5%
BALM
Lamb
70.4%
RTASEE
Easter
65.4%
SKDUC
Ducks
65.4%
DOGO DYIFRA
Good Friday
65.4%
SEJUS
Jesus
60%
HAS DENWSYADE
Ash Wednesday
57.4%
UNTH
Hunt
55.1%
THO SORCS NUBS
Hot Cross Buns
53.4%
ROTCAR
Carrot
53.4%
Scrambled Words
Unscrambled Words
% Correct
LELJY NESBA
Jelly Beans
51.3%
CLACHOOET
Chocolate
46.8%
TINPA
Paint
46.6%
KEBAST
Basket
44%
CRHAM
March
42.8%
VEOHSR TYDAUSE
Shrove Tuesday
41.4%
PRLUPE
Purple
36.2%
RAPLI
April
35.5%
RISPGN
Spring
34.1%
LMPAS DYUSNA
Psalm Sunday
28.9%
WSOMRHSALMLA
Marshmallows
26.8%
TDICONEARSO
Decorations
10.6%
Quiz Playlist
Details
Report
Send in Message
Add To Playlist
More Info:
Unscramble these words to find an Easter related words.
Classic:
Type in answers that appear in a list
Last Updated: Feb 16, 2017
Quiz Scoreboard
CHALLENGE
Sign Up to Join the Scoreboard
Show All
Scores
Hide
Comments
May contain spoilers
Recently Published
Find the 'City' Movie
by crazypaving
Movies
60s
5x2 Blitz: Bands
by SL_Kpop136
Music
30s
Colored Red Africa Blitz
by spor1
Geography
30s
More to Explore
Quiz From the Vault
Featured Blog Post
14 Easter Pick-up Lines to Find Eggs With
hide this ad
You Might Also Like...
Tags
Easter Quiz
Today's Top Quizzes in Just For Fun
Browse Just For Fun
hide this ad
Today's Top Quizzes in Easter
Browse Easter
Top Contributed Quizzes in Just For Fun
1
Name Just One - 10 to 1: Just For Fun
2
Survivor Winners Logic Puzzle
3
Missing Word: 2-Letter A-Z II
4
Avatar the Last Airbender: Logic Puzzle
5
Shadowhunters Protagonists Logic Quiz
6
Quick 5-Color Logic (18)
7
Medium Renzoku Puzzle 11
8
Ultimate Minefield Blitz VIII
9
Ice Cream Logic Puzzle
10
Ultimate Minefield Blitz XXVIII
Explore More
Trending Topics
NBA
Disney
Marvel
Crossword
Anime
Harry Potter
Kpop
NFL
Soccer
Puzzle
Country
Pokémon
WWE
Song
The Office
hide this ad
More By:
kyliechambers
Quiz
Plays
Rating
Category
Featured
Created
Most mentioned divergent characters
1,806
4.33
Literature
Mar 22, 2015
Easter Anagrams
425
4.00
Just For Fun
Apr 4, 2015
Harry Potter: Prisoner of Azkaban Most Mentioned
204
5.00
Literature
May 3, 2015
One Harry Potter Family
192
3.20
Literature
May 3, 2015
Harry Potter One of Two
155
3.67
Literature
May 9, 2015
Go to Creator's Profile
Score Distribution
Quiz Creator Spotlight
kyliechambers
Follow
Send a Message
Quizzes Created
-
Created Quiz Play Count
-
More By This Creator
Popular Quizzes Today
1
Colored Red Africa Blitz
2
Find the 'City' Movie
3
5x2 Blitz: Bands
4
Find the US States - No Outlines Minefield
5
The Countries of the World
6
Find the US States
7
9x9 Crossword: Cartoon Network
8
US States
More Just For Fun Quizzes
Word Ladder: 30 Rock Star
Published
Trending Quizzes
Colored Red Europe Blitz I
Colored Red Africa Blitz II
Colored Red Africa Blitz III
Colored Red Europe Blitz III
Colored Red Europe Blitz II
Recently Updated
Champions League XIs: Real Madrid
pecheneg
Largest US Cities 1790-2010
pecheneg
Rides in Walt Disney World
pecheneg
Most Oscar Losses (Acting)
pecheneg
Beyoncé Albums
pecheneg
Leaping Animals
pecheneg
Reality TV Shows (A-Z)
bhenderson79
Rickey Henderson's Hall of Fame Teammates
pecheneg
Champions League XIs: Arsenal
pecheneg
Quick Pick: Celebrities in WWE's Hall of Fame
aduchscher
Trending Topics
Disney
Marvel
NBA
Crossword
Kpop
Harry Potter
Anime
Country
Song
Puzzle
The Office
WWE
NFL
Pokémon
Soccer
Your Account Isn't Verified!
In order to create a playlist on Sporcle, you need to verify the email address you used during registration. Go to your
Sporcle Settings
to finish the process.
Report this User
Report this user for behavior that violates our
Community Guidelines
.
Details:
Send Report
Go to the Sporcle.com Mobile Site →
Comments